James Monroe Trivia - Statistics

General Stats
  • This quiz has been taken 14 times
  • The average score is 6 of 10
Answer Stats
# Questions Answer % Correct
3 What empire burned down the White House? British
92%
5 Who served as president before Monroe? James Madison
92%
8 James Monroe died on this US Holiday? 4th of July/Independence Day
77%
7 What current US state was Monroe born in? Virginia
77%
1 What political party did Monroe belong to? Democratic-Republican
62%
9 Besides politician, what job did Monroe have? Lawyer
54%
2 Who was Monroe's vice president? Daniel D. Tompkins
31%
4 What did Monroe help negotiate with France concerningterritory? Louisiana Purchase
31%
10 Who was the Federalist nominee for the 1816 electionagainst Monroe Rufus King
31%
6 Who served as president after Monroe? John Quincey Adams
15%
No matching quizzes found
Score Distribution
Percent of People with Each Score
Percentile by Number Answered
Your Score History
You have not taken this quiz